=LDR 00000nam 2200000 4500 =001 INLIS000000000031024 =005 20130612133125 =008 ***********************************ind** =035 ##$$0010-061300000031024 =041 ##$$a ind =082 ##$$a 612 =090 ##$$a 612, Hut k =100 ##$$a Hutapea, Albert m =245 ##$$a Keajaiban -keajaiban dalam tubuh manusia, oleh Albert m. Hutapea =260 ##$$a 2008 $b Jakarta =300 ##$$a 257 hlm, ilus, 23 cm =650 ##$$a Fisiologi Manusia =850 ##$$a NBPNMAT